| 000 | 01364cab a2200505 4500 | ||
|---|---|---|---|
| 001 | ABS54921 | ||
| 008 | 090401t1996 xxu||||| |||| 00| 0 eng d | ||
| 035 | _a(Sirsi) u13097 | ||
| 041 | _aeng | ||
| 245 | _aFocus `96: Essex markets | ||
| 260 | _c1996 | ||
| 350 | _a0 | ||
| 490 |
_aEstates Gazette _v(9616) 20 April 1996, 73-104(9) |
||
| 650 | _aA12 CORRIDOR | ||
| 650 | _aA13 CORRIDOR | ||
| 650 | _aBASILDON | ||
| 650 | _aBRAINTREE | ||
| 650 | _aBRENTWOOD | ||
| 650 | _aCHELMSFORD | ||
| 650 | _aCOASTAL TOWNS | ||
| 650 | _aCOLCHESTER | ||
| 650 | _aEAST ANGLIA | ||
| 650 | _aEAST THAMES CORRIDOR | ||
| 650 | _aEMPLOYMENT | ||
| 650 | _aENGLISH PARTNERSHIPS | ||
| 650 | _aEPPING FOREST | ||
| 650 | _aESSEX | ||
| 650 | _aHAINAULT | ||
| 650 | _aHARLOW | ||
| 650 | _aILFORD | ||
| 650 | _aINDUSTRIAL PARKS | ||
| 650 | _aLICENSED PREMISES | ||
| 650 | _aMEADOWS SHOPPING CENTRE | ||
| 650 | _aPROPERTY-COMMERCIAL PROPERTY-OFFICE PROPERTY-OFFICE PROPERTY MARKET | ||
| 650 | _aPUBLIC TRANSPORT | ||
| 650 | _aPROPERTY-COMMERCIAL PROPERTY-RETAIL PROPERTY-RETAIL PROPERTY MARKET | ||
| 650 | _aROMFORD | ||
| 650 | _aSOUTHEND | ||
| 650 | _aSTRATFORD INTERNATIONAL | ||
| 650 | _aTHAMES GATEWAY | ||
| 650 | _aWOODFORD | ||
| 690 | _aPROPERTY-COMMERCIAL PROPERTY-COMMERCIAL PROPERTY MARKET | ||
| 942 | _n0 | ||
| 948 | _c04/03/1997 | ||
| 999 |
_c8422 _d8422 |
||